| 000 | 00437nam a2200193Ia 4500 | ||
|---|---|---|---|
| 008 | 170918s9999 xx 000 0 und d | ||
| 020 | _a9780439249799 | ||
| 050 | _bR211 1996 | ||
| 100 | _aRankin, Joan | ||
| 245 | _aScaredy cat / | ||
| 245 | _cJoan Rankin. | ||
| 260 | _aNew York : | ||
| 260 | _bScholastic, | ||
| 260 | _c1996 | ||
| 300 | _aunpaged : | ||
| 300 | _bcolored illustration ; | ||
| 300 | _c28cm. | ||
| 500 | _a820 | ||
| 999 |
_c342528 _d342528 |
||